000
00236 a2200097 4500
001
10893
100
_a
Kane, S. E.
245
_a
Psychological aspects of Phsical Edu & sport
260
_a
_b
Routledge Kegan Paul
_c
090
_c
8466
_d
8466
942
_a
NUST-CAE
_c
M
_c
35229
999
_c
245966
_d
245966